Missing Word: Questionable Songs Quiz Stats

 Plays Quiz Updated Sep 28, 2017

Challenge
Share
Tweet
Embed
Score 0/45 Timer 04:00
0 Plays Today
Title Word % Correct
Should I ____ Or Should I GoStay
88.6%
Is This ____Love
88.4%
Who Let The ____ Out?Dogs
87.4%
Can You Feel The Love _______Tonight
85.6%
What's My ____?Name
85%
What's _____ OnGoing
82.9%
___ Are You?Who
82.5%
Is There ________ I Should Know?Something
77.5%
Is She ______ Going Out With Him?Really
77.2%
Da Ya Think I'm ____?Sexy
69.2%
Are You Gonna Be My ____Girl
67%
Do You Really Want To ____ MeHurt
65.1%
Is ____ All There Is?That
64.4%
Who Can It Be ___?Now
62.9%
Have You Ever Seen The ____?Rain
60.6%
Where Did You _____ Last Night?Sleep
60.5%
Are You _____ Go My WayGonna
59.8%
You And Whose ____?Army
57%
Why Does My _____ Feel So Bad?Heart
56.5%
Do You Believe In _____Magic
54.9%
Don't You ____ MeWant
54.1%
Life On ____?Mars
53%
Are You _________ Tonight?Lonesome
50.3%
Title Word % Correct
What's My ___ Again?Age
47.8%
Do They Know It's _________?Christmas
47.1%
___ Do You Love MeWhy
44.8%
What Would You ___Say
41.8%
What __________ Does It Make?Difference
41.7%
What's __?Up
41.1%
Are You _____ Ray?Jimmy
39.7%
What's The ________, Kenneth?Frequency
32.6%
Are You ___________?Experienced
29.2%
Do You Wanna _____ Me? (Oh Yeah)Touch
25.5%
Why Don't We Do It In The ____?Road
25.4%
How ____ Is Now?Soon
23.1%
Where Are You ____?Baby
23.1%
Where Is My ____?Mind
17.5%
Who ____ Who?Made
14.2%
What ____ Is Love?Time
10%
Can I ____ It?Kick
10%
Do You _______??Realize
9.8%
Are We The _______Waiting
8.3%
In The _____?Flesh
6.2%
Are '_______' Electric?Friends
6%
Cake (Who ____ On The?)'Pooped'
3.5%

Today's Daily Dose

Missing Word
Witch Songs

Word Ladder
Alabama

Quick Pick
Fanta Flavors

On This Day
October 15th II

You're not logged in!

Compare scores with friends on all Sporcle quizzes.
Join for Free
OR
Log In

You Might Also Like...

Show Comments

Extras

Top Quizzes Today


Score Distribution

Your Account Isn't Verified!

In order to create a playlist on Sporcle, you need to verify the email address you used during registration. Go to your Sporcle Settings to finish the process.

Report this User

Report this user for behavior that violates our Community Guidelines.

Details: